Sử ký Tư Mã Thiên
Sách viết về lịch sử Trung Hoa cổ đại thời Hán Vũ Đế do nhà sử học Tư Mã Thiên ghi lại trong suốt thời kỳ làm quan thái sử
Wedi'i Gadw mewn:
| Prif Awdur: | |
|---|---|
| Fformat: | Llyfr |
| Iaith: | Undetermined |
| Cyhoeddwyd: |
Hà Nội
Văn học
2006
|
| Pynciau: | |
| Tagiau: |
Ychwanegu Tag
Dim Tagiau, Byddwch y cyntaf i dagio'r cofnod hwn!
|
| Thư viện lưu trữ: | Trung tâm Học liệu Trường Đại học Cần Thơ |
|---|
| LEADER | 00805nam a2200229Ia 4500 | ||
|---|---|---|---|
| 001 | CTU_134467 | ||
| 008 | 210402s9999 xx 000 0 und d | ||
| 020 | |c 72000 | ||
| 082 | |a 931.04 | ||
| 082 | |b Th305 | ||
| 100 | |a Tư, Mã Thiên | ||
| 245 | 0 | |a Sử ký Tư Mã Thiên | |
| 245 | 0 | |c Tư Mã Thiên ; Phan Ngọc (dịch) | |
| 260 | |a Hà Nội | ||
| 260 | |b Văn học | ||
| 260 | |c 2006 | ||
| 520 | |a Sách viết về lịch sử Trung Hoa cổ đại thời Hán Vũ Đế do nhà sử học Tư Mã Thiên ghi lại trong suốt thời kỳ làm quan thái sử | ||
| 650 | |a Trung Hoa | ||
| 650 | |x Lịch sử | ||
| 650 | |y Nhà Hán 202B.C.-220A.D. | ||
| 904 | |a Huỳnh Mai | ||
| 980 | |a Trung tâm Học liệu Trường Đại học Cần Thơ | ||